Movie Poster Quiz - Statistics

General Stats
  • This quiz has been taken 4,380 times
  • The average score is 14 of 16
Answer Stats
Picture Answer % Correct
Jaws
98%
Harry Potter and the Sorcerer's Stone
95%
Titanic
95%
Avatar
94%
Spiderman
94%
The Lion King
94%
IT
93%
Forrest Gump
92%
Ironman
92%
Indiana Jones & The Raiders of the Lost Ark
90%
The Matrix
90%
Pulp Fiction
86%
Silence of the Lambs
84%
Black Swan
83%
Hook
71%
The NeverEnding Story
51%
No matching quizzes found
Score Distribution
Percent of People with Each Score
Percentile by Number Answered
Your Score History
You have not taken this quiz